ISLAMIC philosophy
Guardat en:
| Format: | Llibre |
|---|---|
| Idioma: | anglès |
| Publicat: |
Discovery Publishing House,
2014.
|
| Etiquetes: |
Afegir etiqueta
Sense etiquetes, Sigues el primer a etiquetar aquest registre!
|
MARC
| LEADER | 00000nam a22000007a 4500 | ||
|---|---|---|---|
| 008 | 210419b ||||| |||| 00| 0 eng d | ||
| 020 | |a 978-93-5056-495-0 | ||
| 245 | |a ISLAMIC philosophy |c Mohd. Mazhar |g 298p. | ||
| 250 | |c Mohd. Mazhar | ||
| 260 | |b Discovery Publishing House, |c 2014. |h New Delhi: |i 691278 |i 691279 |l B741 .Is4 |m Islamic philosophy. | ||
| 500 | |a “It includes references and index” | ||
| 942 | |a lcc |c BK |e Adeniran F. A |f 19/04/2021 | ||
| 952 | |0 0 |1 0 |2 lcc |4 0 |6 B0741 I S4 |7 0 |9 2195 |a HOL |b ART |c AF |d 2021-04-19 |l 0 |o B741 .Is4 |p 2021-6049 |r 2021-04-19 00:00:00 |w 2021-04-19 |y BK | ||
| 952 | |0 0 |1 0 |2 lcc |4 0 |6 B0741 I S4 |7 0 |9 2196 |a HOL |b HOL |c AF |d 2021-04-19 |l 0 |o B741 .Is4 |p 2021-6050 |r 2021-04-19 00:00:00 |w 2021-04-19 |y BK | ||
| 999 | |c 1145 |d 1145 | ||